Tư duy tích cực tạo thành công = Success through a positive mental attitude

Trình bày cách vận dụng nguyên tắc PMA (Possitive Mental Attitude) nhằm giải thoát bạn khỏi các vướng bận tinh thần và hướng đến mục tiêu bằng sự kiên trì và hành động tích cực

Bewaard in:
Bibliografische gegevens
Hoofdauteur: Hill, Napoleon
Andere auteurs: Stone, W. Clement, Vương Long (dịch)
Formaat: Boek
Taal:Vietnamese
Gepubliceerd in: TP. Hồ Chí Minh Tổng hợp Tp. Hồ Chí Minh 2023
Editie:Tái bản
Onderwerpen:
Tags: Voeg label toe
Geen labels, Wees de eerste die dit record labelt!
Thư viện lưu trữ: Thư viện Trường Đại học Nam Cần Thơ
LEADER 01185nam a22002297a 4500
001 NCT_4_022733
008 250625b xxu||||| |||| 00| 0 vie d
999 |c 9112  |d 9112 
020 |a 9786043774986  |c 168000 
082 0 4 |2 23rd ed.  |a 153.42  |b H645 
100 1 |a Hill, Napoleon 
245 1 0 |a Tư duy tích cực tạo thành công  |b = Success through a positive mental attitude  |c Napoleon Hill, W. Clement Stone ; Vương Long dịch 
250 |a Tái bản 
260 |a TP. Hồ Chí Minh  |b Tổng hợp Tp. Hồ Chí Minh  |c 2023 
300 |a 413 tr.  |c 21 cm 
520 3 |a Trình bày cách vận dụng nguyên tắc PMA (Possitive Mental Attitude) nhằm giải thoát bạn khỏi các vướng bận tinh thần và hướng đến mục tiêu bằng sự kiên trì và hành động tích cực 
653 |a Tham khảo 
700 1 |a Stone, W. Clement  
700 1 |a Vương Long  |e dịch 
942 |2 ddc  |c BK 
952 |0 0  |1 0  |2 ddc  |4 0  |6 153_420000000000000_H645  |7 0  |9 30947  |a 000001  |b 000001  |d 2025-06-25  |o 153.42 H645  |p TK.05565  |r 2025-06-25  |v 168000.00  |w 2025-06-25  |y BK 
980 |a Thư viện Trường Đại học Nam Cần Thơ